000 00506nam a2200205Ia 4500
003 OSt
005 20250303134153.0
008 210210b1970 xxu||||| |||| 00| 0 eng d
040 _cAL
041 _ahin
082 _aH891.4 SIMK
100 _aSIMH (Mala).
_9203404
110 _bसिंह माला
_9203406
245 _aKashmir:
_bकशमीर
260 _aNayi Dilli
_bNational Book Trust
_c1970
300 _a46
690 _aHindi Prose
_9203405
906 _a029285
942 _2ddc
_cBK
999 _c80506
_d80506